1469 1629 1682 1738 1516 1023 1803 1688 1823 1154 1472 1239 1381 1373 1586 1010 1745 1769 1583 1512 1316 1160 1827 1700 1646 1375 1736 1809 1741 1902 1654 1381 1553 1825 1657 1235 1873 1091 1244 1349 1646 1008 1338 1498 1000 1405 1312 1053 1937 1000 1215 1566 1632 1788 1448 1766 1861 1475 1593 1277 1372 1247 1469 1550 1178 1999 1787 1481 1221 1294 1405 1763 1835 1464 1209 1020 1424 1266 1569 1298 1366 1141 1862 1571 1891 1752 1925 1561 1751 1186 1767 1542 1475 1083 1624 1792 1679 1143 1554 BCNSPRNW ULIB Ver.6.0+V

เปลี่ยนเป็นภาษาไทย

Change to English
 แสดงรายละเอียดบรรณานุกรม
  กลับหน้าหลัก

Brief Record : Get Marc (ISO 2709) : E-mail record : QR code < ปิดหน้าต่าง
LEADER : 00000nam 2200000uu 4500
001    13399107850
003     ULIB
008    110206s2553||||th 000 0 tha d
020    9786115050758
060 04 WY159^bป598ก 2553
100 0  ประกายแก้ว ประพฤติถ้อย
245 10 การพยาบาลกุมารเวชศาสตร์ /^cประการแก้ว ประพฤติถ้อย ;ผู้ปรับปรุง, กรองกาญจน์ ศิริภักดี
250    พิมพ์ครั้งที่ 5
260    นนทบุรี :^bโครงการส่งเสริมการแต่งตำรามหาวิทยาลัยสุโขทัยธรรมาธิราช,^c2553
300    (13), 421 หน้า :^bภาพประกอบ ;^c26 ซม.
650  7 การพยาบาลกุมารเวชศาสตร์
700 0  กรองกาญจน์ ศิริภักดี,^eผู้ปรับปรุง
710 2  มหาวิทยาลัยสุโขทัยธรรมาธิราช. ^bโครงการส่งเสริมการแต่งตำรา
945    ^p0^l0^i17871
945    ^p0^l0^i17873
945    ^p0^l0^i17872
995    เกษร
999 ^a ใช้งานได้ทุกระบบ
รายการนี้ยังไม่มีแท็ก
คุณยังไม่ได้ล็อกอิน คุณสามารถมีกิจกรรมร่วมกับเว็บไซต์ได้ แต่ต้องล็อกอินก่อน ::
  ล็อกอิน

รายการสื่อสารสนเทศ

ลำดับที่ ประเภท เลขเรียก/บาร์โค้ด สถานที่ สถานะ
1. วิทยาศาสตร์การแพทย์ และสุขภาพ
วิทยาศาสตร์การแพทย์ และสุขภาพ
WY159 ป598ก 2553  
  Barcode: 17871
ห้องสมุดวิทยาเขตสวรรค์ประชารักษ์
►นวนิยาย
บนชั้น
  ขอยืม
2. วิทยาศาสตร์การแพทย์ และสุขภาพ
วิทยาศาสตร์การแพทย์ และสุขภาพ
WY159 ป598ก 2553 ฉ.2 
  Barcode: 17873
ห้องสมุดวิทยาเขตนครสวรรค์
►ส่วนจัดเก็บหนังสือเก่า นว.
บนชั้น
  ขอยืม
3. วิทยาศาสตร์การแพทย์ และสุขภาพ
วิทยาศาสตร์การแพทย์ และสุขภาพ
WY159 ป598ก 2553 ฉ.3 
  Barcode: 17872
ห้องสมุดวิทยาเขตสวรรค์ประชารักษ์
►หนังสือทั่วไป
บนชั้น

รายการใกล้เคียง
    ผู้แต่ง [ประกายแก้ว ประพฤติถ้อย]

    หัวเรื่อง [การพยาบาลกุมารเวชศาสตร์]

BibComment


ยังไม่เคยถูกคอมเมนท์

คอมเมนท์ทรัพยากรรายการนี้
  คอมเมนท์: การพยาบาลกุมารเวช..


 Copyright 2026. Bcnsprnw @Library